000 01020nam a22002417a 4500
005 20260423161050.0
008 260423b |||||||| |||| 00| 0 eng d
020 _a9789393842596 (pbk)
037 _cTB
040 _aCRL
_cCRL
041 _2hin
_ahin
084 _aO152,1N47x R5
_qCRL
100 _aसिंह, जल
_91235577
245 _aउजाला:
_bकविताएं, गज़लें, गीत, शेयर, चौपाइयाँ एवं उद्धरणें
250 _aसंस्करण 3
260 _aपटियाला, भारत:
_bजोहार पब्लिकेशन्स,
_c2025.
300 _a197पृ.
365 _b200.00
_cINR
650 _aहिन्दी कविता
650 _aहिन्दी साहित्य
942 _2CC
_n0
_cTB
_eसंस्करण 3
_h O152,1N47x R5
999 _c1848456
_d1848456